Normal view MARC view
  • Lechner, Norbert,

Entry Nombre Personal

Number of records used in: 3

001 - NUMERO DE CONTROL

  • campo de control: 36249

003 - IDENTIFICADOR DE NUMERO DE CONTROL

  • campo de control: UPN

005 - FECHA Y HORA DE LA ÜLTIMA TRANSACCIÓN

  • campo de control: 20220310174223.0

008 - DATOS DE LONGITUD FIJA

  • campo de control de longitud fija: 220310nn acannaabn b ana d

035 ## - NUMERO DE CONTROL

  • Número de control: UPN11000008356

040 ## - FUENTE DE CATALOGACIÓN

  • Lenguaje de catalogación: SPA
  • Agencia de transcripción: UPN
  • Agencia original de catalogación: UPN

100 1# - ENCABEZAMIENTO - NOMBRE PERSONAL

  • Nombre personal: Lechner, Norbert,
  • Fechas asociadas con el nombre: 1939-2004

670 ## - FUENTE EN LA QUE SE LOCALIZARON DATOS

  • Cita de la fuente: Wikipedia

680 ## - NOTA PUBLICA DE ACCESO PÚBLICO

  • Encabezamiento o subdivisión: Investigador, politólogo y abogado alemán nacionalizado chileno con Doctorado en Ciencias Políticas

902 ## - CATALOGADOR

  • Catalogador: MCM/111214